| 000 | 00724cam a2200253 a 4500 | ||
|---|---|---|---|
| 008 | |||
| 020 | _a0789734044 (hbk.) | ||
| 049 | _aMAIN | ||
| 050 |
_aTK7887.5 _bMUL |
||
| 100 | 1 | _aMueller, Scott. | |
| 245 | 1 | 0 |
_aUpgrading and repairing PCs / _cScott Mueller. |
| 250 | _a17th ed. | ||
| 260 |
_aIndiana : _bQue, _cc2006. |
||
| 300 |
_axiii, 1582 p. : _bill. ; _c24 cm. |
||
| 500 | _aIncludes index. | ||
| 650 | 0 |
_aMicrocomputers _xMaintenance and repair. |
|
| 650 | 0 |
_aMicrocomputers _xEquipment and supplies. |
|
| 650 | 0 |
_aMicrocomputers _xUpgrading. |
|
| 907 |
_a.b10260092 _b14-09-09 _c05-02-09 |
||
| 003 | |||
| 005 | 20230123124926.0 | ||
| 040 | _cNUST | ||
| 942 | _cBOOKS | ||
| 999 |
_c132659 _d132659 |
||